[Event "GER-ch U25-B"]
[Site "Willingen"]
[Date "2018.05.26"]
[Round "9"]
[White "Johlke, Lorenz"]
[Black "Becker, Lukas"]
[Result "0-1"]
[WhiteElo "1456"]
[BlackElo "1540"]
[PlyCount "40"]
[EventDate "2018.05.19"]
[EventType "swiss"]
[EventRounds "9"]
[EventCountry "GER"]
[SourceTitle "CBM 184 Extra"]
[Source "ChessBase"]
[SourceDate "2018.06.28"]
[SourceVersion "1"]
[SourceVersionDate "2018.06.28"]
[SourceQuality "1"]

1. e4 g6 2. d4 Bg7 3. Nf3 c5 4. c3 cxd4 5. cxd4 Nf6 6. Nc3 0-0 7. Bc4 a6 8. 0-0 b5 9. Bb3 b4 10. e5 bxc3 11. exf6 cxb2 12. fxg7 bxa1Q 13. gxf8Q+ Qxf8 14. Qc2 Bb7 15. Bh6 Qxf1+ 16. Kxf1 Qxh6 17. Qc7 Bxf3 18. gxf3 Qh3+ 19. Ke2 Nc6 20. d5 Nd4+ 0-1